000
00230nam a22000977a 4500
999
_c
15859
_d
15859
003
OSt
008
191022b ||||| |||| 00| 0 eng d
100
_a
Hornby,A S.
_9
1826
245
_a
The Teaching Structural Words Part 1
942
_c
BK